| 000 | 00742nam a2200229 a 4500 | ||
|---|---|---|---|
| 001 | 41944 | ||
| 003 | BD-RjUL | ||
| 005 | 20211209053455.0 | ||
| 008 | 160607s1964 nju 000 0 eng | ||
| 035 | _a(BD-RjUL)42062 | ||
| 040 |
_aDLC _cDLC _dBD-RjUL _beng |
||
| 041 | _aeng | ||
| 082 | 0 | 0 |
_a320.9 _223 _bVOP 1964 |
| 100 | 1 | 0 |
_aVon der Mehden, Fred R. _9128909 |
| 245 | 1 | 0 |
_aPolitics of the developing nations / _cFred R. Von der Mehden |
| 260 |
_aEnglewood Cliffs, N.J. : _bPrentice-Hall, _cc1964 |
||
| 300 |
_axi, 140 p. ; _c21 cm. |
||
| 490 | 0 | _aThe american assembly series | |
| 650 | 0 |
_aNewly independent states _xPolitics and government. _9128910 |
|
| 651 | 0 |
_aDeveloping countries _xPolitics and government. _9125480 |
|
| 942 |
_2ddc _cBK |
||
| 999 |
_c41944 _d41944 |
||